000 00775nam a2200217 c 4500
001 190475
003 ES-MaACL
005 20240111191217.0
008 210405s2018 sp 001 f spa
020 _a978-84-9194-355-6
080 _a821.134.2-31"19"
100 1 _aMiguel Blázquez, Mario de (
_d1949-)
_9171229
245 1 0 _aDaniel entre los leones /
_cMario de Miguel Blázquez.
250 _a1ª ed.
260 _a[El Ejido, (Almería)] :
_bCírculo Rojo,
_c2018.
300 _a225 p. ;
_c21 cm.
852 4 _aES-MaACL
_jA-14680
_9197652
_bR.152349
_cDEPO1
_dOlim: N-7680
_gDedicatoria autógrafa del autor
_hDonación: Mario de Miguel Blázquez
903 _9171229
_aMiguel Blázquez, Mario de (
_d1949-)
_ednr
942 _2udc
_cMONOGRAFIA
999 _c190475
_d190475